„Ethnographische" Bilddokumentation in Westpreußen

Titel: „Ethnographische" Bilddokumentation in Westpreußen : die Sammlung Treichel im Herder-Institut / Thomas Urban
Verfasser:
In: Koloniale Spuren in den Archiven der Leibniz-Gemeinschaft, (2020), Seite 166-179
alle Artikel anzeigen
Veröffentlicht: [2020]
Umfang: 14 Illustrationen
Format: Aufsatz
Sprache: Deutsch
Schlagworte:
Kein Bild verfügbar
X
alg: 48861497
001A    $03025:08-12-21 
001B    $03025:10-12-21 $t13:18:55.000 
001D    $03025:08-12-21 
001U    $0utf8 
001X    $00 
002@    $0Aou 
002C    $aText $btxt $2rdacontent 
002D    $aohne Hilfsmittel zu benutzen $bn $2rdamedia 
002E    $aBand $bnc $2rdacarrier 
003@    $048861497X 
007A    $048861497X $aHEB 
010@    $ager 
010E    $erda 
011@    $a2020 $n[2020] 
021A    $a„Ethnographische" Bilddokumentation in Westpreußen $ddie Sammlung Treichel im Herder-Institut $hThomas Urban 
028A    $7136321577 $8Urban, Thomas$Z1961- [Tp1] $920446661X 
031A    $h166-179 $j2020 
034M    $a14 Illustrationen 
039B    $aEnthalten in $8--Aau--. Koloniale Spuren in den Archiven der Leibniz-Gemeinschaft. - Halle (Saale) : Mitteldeutscher Verlag, 2020. - 180 Seiten. - Illustrationen. - ISBN 978-3-96311-250-8 $x202000000000000834 $946136302X 
044K    $#Westpreußen $#Königlich-Preußen $#Polnisch-Preußen $#Königliches Preußen $74079244-4 $8Westpreußen [Tg1] $908522510X 
044K    $#Treichel, A. $#Treichel, Alexander Johann August $711939815X $8Treichel, Alexander$Z1837-1901 [Tp1] $9087737949 
044K    $#Hagen, B. $7116378425 $8Hagen, Bernhard$Z1853-1919 [Tp1] $9150338953 
044K    $#Hochpaleschken $74455518-0 $8Wilcze Błota [Tg1] $9088872157 
044K    $RPommerellen $#Kaszuby $#Kaschubei $#Pommerellen, Nord $#Nordpommerellen $74284575-0 $8Kaschubien [Tg1] $9086537350 
044K    $RKulturwissenschaften $RSozialwissenschaften $RVolkskunde $RKulturanthropologie $#Ethnology $#Ethnologie $#Antropología cultural y social $#Ethnologie $#Ethnographie $#Ethnologie $#Völkerkunde $#Ethnografie $#Ethnographie $74078931-7 $8Ethnologie [Ts1] $9085224022 
044K    $RDigitale Fotografie $RFototechnik $RFotografisches Verfahren $#Photography $#Photographie $#Photographs $#Photographies $#Photographie $#Aufnahme Photographie $#Aufnahme Fotografie $#Aufnahme Fotographie $#Aufnahme Photografie $#Foto $#Fotografieren $#Photographieren $#Fotographieren $#Photografieren $#Photo $#Photoaufnahme $#Fotoaufnahme $#Photokunst $#Fotokunst $#Fotographie $#Photografie $#Lichtbild Photographie $#Lichtbild Fotografie $#Lichtbild Fotographie $#Lichtbild Photografie $#Photographische Aufnahme $#Fotografische Aufnahme $#Fotographische Aufnahme $#Photografische Aufnahme $74045895-7 $8Fotografie [Tsz] $9085128422 
044K    $RMuseum $#Sammlungen $74128844-0 $8Sammlung [Ts1] $9085448907 
044K    $RGroßgrundbesitz $RLatifundium $RLandwirtschaftlicher Großbetrieb $#Manors $#Landgut $#Gutshof $#Güter Landwirtschaft $#Landgüter $#Gutshöfe $74158572-0 $8Gut$gLandwirtschaft [Ts1] $9085685941 
044K    $RSoziale Situation $#Quality of life $#Qualité de la vie $#Lebensbedingungen $#Lebensbedingungen $#Lebenssituation $#Lebenssituation $#Lebensverhältnisse $#Lebenslage $#Lebensumstände $74130642-9 $8Lebensbedingungen [Ts1] $9085462721 
044K    $RImperialismus $RKolonie $RAntikolonialismus $RKolonialmacht $REntkolonialisierung $#Imperialism $#Colonisation $#Colonialisme (idée politique) $#Colonialismo $#colonialism $#Kolonialismus $#Kolonialismus $#Kolonialpolitik $#Kolonialbestrebungen $#Kolonialpolitik $#Kolonialisierung $74073624-6 $8Kolonialismus [Ts1] $9085207241 
044K    $RJohann Gottfried Herder-Institut $#Herder-Institut Marburg $#Herder-Institut Marburg $#Herder-Institut für Historische Ostmitteleuropaforschung $#Instytut Im. Herdera Marburg $#Herdera-Institūtā Marburg $#Herder-Institut e.V. $#Herder Institut zu Marburg/Lahn $#Herder Institut Marburg $#Instytut Herdera do Badań Historycznych nad Europą Środkowo-Wschodnią - Instytut Wspólnoty Leibniza $#Herder Institute for Historical Research on East Central Europe - Institute of the Leibniz Association $#HI $73024025-6 $8Herder-Institut für Historische Ostmitteleuropaforschung - Institut der Leibniz-Gemeinschaft [Tb1] $9044144571 
045F    $a390.09438209034 $eDDC23BSB 
045F/01 $a390 
045F/03 $f09034 
045F/03 $g4382 
045F/03 $g438 
045R    $aGeschichte 1898-1900 

lok: 48861497 78

exp: 48861497 78 1 #EPN
201B/01 $008-12-21 $t10:28:27.000 
201C/01 $008-12-21 
201U/01 $0utf8 
203@/01 $01174296259 
208@/01 $a08-12-21 $be 
209A/01 $a/ $f000 $x00 
209A/01 $ab*p $x01 
247C/01 $82080>Marburg/Lahn, Herder-Institut, Forschungsbibliothek, Bibliographieportal $9336309341
LEADER 00000caa a2200000 c 4500
001 48861497X
003 DE-603
005 20211210131855.0
007 tu
008 211208s2020 xx |||| | u00||u|ger c
035 |a (DE-599)HEB48861497X 
040 |a DE-603  |b ger  |c DE-603  |d DE-603  |e rda 
041 |a ger 
082 0 4 |8 1\u  |a 390.09438209034  |q DE-101  |2 23/BSB 
085 |8 1\u  |b 390 
085 |8 1\u  |z 1  |s 09034 
085 |8 1\u  |z 2  |s 4382 
085 |8 1\u  |z 2  |s 438 
100 1 |a Urban, Thomas  |d 1961-  |0 (DE-603)20446661X  |0 (DE-588)136321577  |2 gnd 
245 0 0 |a „Ethnographische" Bilddokumentation in Westpreußen  |b die Sammlung Treichel im Herder-Institut  |c Thomas Urban 
264 0 |c [2020] 
300 |b 14 Illustrationen 
336 |a Text  |b txt  |2 rdacontent 
337 |a ohne Hilfsmittel zu benutzen  |b n  |2 rdamedia 
338 |a Band  |b nc  |2 rdacarrier 
600 1 7 |a Treichel, Alexander  |d 1837-1901  |0 (DE-588)11939815X  |0 (DE-603)087737949  |2 gnd 
600 1 7 |a Hagen, Bernhard  |d 1853-1919  |0 (DE-588)116378425  |0 (DE-603)150338953  |2 gnd 
610 1 7 |a Herder-Institut für Historische Ostmitteleuropaforschung - Institut der Leibniz-Gemeinschaft  |2 gnd  |0 (DE-588)3024025-6  |0 (DE-603)044144571 
648 7 |a Geschichte 1898-1900  |2 gnd 
650 7 |a Ethnologie  |0 (DE-588)4078931-7  |0 (DE-603)085224022  |2 gnd 
650 7 |a Fotografie  |0 (DE-588)4045895-7  |0 (DE-603)085128422  |2 gnd 
650 7 |a Sammlung  |0 (DE-588)4128844-0  |0 (DE-603)085448907  |2 gnd 
650 7 |a Gut  |g Landwirtschaft  |0 (DE-588)4158572-0  |0 (DE-603)085685941  |2 gnd 
650 7 |a Lebensbedingungen  |0 (DE-588)4130642-9  |0 (DE-603)085462721  |2 gnd 
650 7 |a Kolonialismus  |0 (DE-588)4073624-6  |0 (DE-603)085207241  |2 gnd 
651 7 |a Westpreußen  |0 (DE-588)4079244-4  |0 (DE-603)08522510X  |2 gnd 
651 7 |a Wilcze Błota  |0 (DE-588)4455518-0  |0 (DE-603)088872157  |2 gnd 
651 7 |a Kaschubien  |0 (DE-588)4284575-0  |0 (DE-603)086537350  |2 gnd 
773 0 8 |i Enthalten in  |t Koloniale Spuren in den Archiven der Leibniz-Gemeinschaft  |d Halle (Saale) : Mitteldeutscher Verlag, 2020  |h 180 Seiten, Illustrationen  |z 9783963112508  |z 3963112506  |g (2020), Seite 166-179  |w (DE-603)46136302X 
924 0 |9 2080  |a (DE-603)1174296259  |b DE-2080  |c HES  |d d  |g /